1739 1388 1297 1947 1415 1637 1091 1925 1313 1652 1152 1623 1146 1070 1516 1182 1319 1323 1454 1706 1005 1540 1844 1254 1267 1837 1642 1434 1337 1097 1412 1108 1850 1349 1702 1172 1398 1804 1177 1397 1964 1863 1694 1393 1802 1885 1770 1946 1424 1924 1349 1834 1809 1989 1696 1430 1619 1265 1590 1344 1149 1605 1221 1539 1846 1773 1559 1942 1244 1353 1315 1600 1075 1248 1523 1056 1821 1591 1212 1688 1592 1252 1066 1518 1124 1250 1655 1374 1715 1395 1214 1910 1113 1075 1629 1382 1223 1371 1829 BCNSPRNW ULIB Ver.6.0+V

เปลี่ยนเป็นภาษาไทย

Change to English
 แสดงรายละเอียดบรรณานุกรม
  กลับหน้าหลัก

Brief Record : Get Marc (ISO 2709) : E-mail record : QR code < ปิดหน้าต่าง
LEADER : 00000nam 2200000uu 4500
001    13399128015
003     ULIB
008    211223s2558||||th 000 0 tha d
060    ^aWL704^bม476ห
100    ^aมาริสา สุวรรณราช และศรีสุดา งามขำ,ผู้แปล
245    ^aหลักสำคัญในการจัดการความปวด(Essential Pain Management) การอบรมเชิงปฏิบัติการสำหรับบุคลากรด้านสุขภาพ
250    ^aพิมพ์ครั้งที่ 1
260    ^a ^bม.ป.ท.,^c2558
300    ^a88 หน้า;^b30 ซม.
650    ^aการจัดการความปวด
945    ^p0^l0^i008612
999    ^aประนอม เกษจรัล
รายการนี้ยังไม่มีแท็ก
คุณยังไม่ได้ล็อกอิน คุณสามารถมีกิจกรรมร่วมกับเว็บไซต์ได้ แต่ต้องล็อกอินก่อน ::
  ล็อกอิน

รายการสื่อสารสนเทศ

ลำดับที่ ประเภท เลขเรียก/บาร์โค้ด สถานที่ สถานะ
1. วิทยาศาสตร์การแพทย์ และสุขภาพ
วิทยาศาสตร์การแพทย์ และสุขภาพ
สถานะ=หนังสือเก่า
WL704 ม476ห ฉ.1 
  Barcode: 008612
ห้องสมุดวิทยาเขตสวรรค์ประชารักษ์
►ส่วนจัดเก็บหนังสือเก่า สปร
บนชั้น
  ขอยืม

รายการใกล้เคียง
    หัวเรื่อง [การจัดการความปวด]

BibComment


ยังไม่เคยถูกคอมเมนท์

คอมเมนท์ทรัพยากรรายการนี้
  คอมเมนท์: หลักสำคัญในการจั..


 Copyright 2026. Bcnsprnw @Library